000 00358 a2200169 4500
001 12700
020 _a9788587537713
040 _cAnchieta - Aquarius
100 _aParr, Todd
240 1 0 _a*O livro da paz
_lpor
245 1 0 _a*O livro da paz
300 _a32
362 0 _a2004
440 1 _aPanda Books
650 4 _aLiteratura infantil
942 _cBK
999 _c12700
_d12700